| 000 | 00806nam a2200193Ia 4500 | ||
|---|---|---|---|
| 003 | GCL | ||
| 005 | 20240530103212.0 | ||
| 008 | 140319s9999 xx 000 0 ara d | ||
| 040 |
_aGCL / _cGCL |
||
| 082 | 0 | 4 |
_a414.3 _bم ا |
| 100 | 1 | _aمحمود توفيق محمد سعد | |
| 245 | 1 | 0 |
_a"اشكالية الجمع بين الحقيقية والمجاز فى ضوء البيان القرانى / _cمحمود توفيق محمد سعد |
| 300 | _ae ب م 2) } ا Sئ | ||
| 650 | 0 | 4 | _aاللغة العربية |
| 650 | 0 | 4 | _aالبلاغة العربية |
| 650 | 0 | 4 | _aالقران - بلاغة |
| 650 | 0 | 4 | _aالبلاغة العربية - البيان |
| 942 |
_2ddc _cBK |
||
| 999 |
_c37529 _d37529 |
||